000 01236nam a2200325 a 4500
001 ebr10670974
003 CaPaEBR
006 m u
007 cr cn|||||||||
008 080603s2009 nyua sb 001 0 eng d
010 _z 2008024455
020 _z9781604569469 (hbk.)
020 _z1604569468 (hbk.)
020 _z9781613241417 (e-book)
040 _aCaPaEBR
_cCaPaEBR
035 _a(OCoLC)705945734
050 1 4 _aHB99.3
_b.W433 2009eb
082 0 4 _a339.4/6
_222
245 0 0 _aWelfare economics
_h[electronic resource] /
_cPaul E. Weston and Robert N. Townsend, editors.
260 _aNew York :
_bNova Science Publishers,
_cc2009.
300 _axi, 268 p. :
_bill. (some col.)
504 _aIncludes bibliographical references and index.
533 _aElectronic reproduction.
_bPalo Alto, Calif. :
_cebrary,
_d2013.
_nAvailable via World Wide Web.
_nAccess may be limited to ebrary affiliated libraries.
650 0 _aWelfare economics.
655 7 _aElectronic books.
_2local
700 1 _aWeston, Paul E.
700 1 _aTownsend, Robert N.
710 2 _aebrary, Inc.
856 4 0 _uhttp://site.ebrary.com/lib/rucke/Doc?id=10670974
_zAn electronic book accessible through the World Wide Web; click to view
999 _c161947
_d161947